Jupiler Pro League Teams 2022-2023 - Statistics

General Stats
  • This quiz has been taken 80 times
  • The average score is 16 of 18
Answer Stats
Answer % Correct
RSC Anderlecht
100%
Club Brugge
96%
KAA Gent
95%
Racing Genk
95%
Cercle Brugge
93%
Royal Antwerp FC
93%
Standard Luik
93%
KV Mechelen
91%
Union Sint-Gillis
91%
KV Kortrijk
86%
KVC Westerlo
82%
KAS Eupen
80%
KV Oostende
80%
Sporting Charleroi
80%
Oud-Heverlee Leuven
79%
Sint-Truidense VV
79%
Zulte Waregem
79%
RFC Seraing
61%
No matching quizzes found
Score Distribution
Percent of People with Each Score
Percentile by Number Answered
Your Score History
You have not taken this quiz